Giovani e vita comune. (Record no. 359560)

MARC details
000 -LEADER
campo di controllo lung. fissa 00631nam a22002297a 4500
003 - Identificatore del numero di controllo
campo di controllo IT-MiCISF
005 - Data e orario dell'ultima transazione
campo di controllo 20230119153653.0
008 - Elementi di lunghezza fissa--Informazione generale
campo di controllo lung. fissa 230119b |||||||| |||| 00| 0 eng d
040 ## - Fonte della catalogazione
Agenzia che fa la trascrizione IT-MiCISF
041 ## - Codice di lingua
Codice di lingua del testo/traccia sonora o titolo separato italiano
100 ## - Accesso principale -- nome di persona
Nome di persona Fazzini Gerolamo
9 (RLIN) 58123
245 ## - Formulazione del titolo
Titolo Giovani e vita comune.
Complemento del titolo La voglia di fraternità mette sù casa
250 ## - Formulazione di edizione
Formulazione di edizione "Jesus"
260 ## - Pubblicazione, distribuzione, ecc. (stampa)
Data di pubblicazione, distribuzione, ecc. 2022
300 ## - Descrizione fisica
Estensione pp. 38-44
310 ## - Periodicità corrente della pubblicazione
Periodicità corrente della pubblicazione mensile
362 ## - Date della pubblicazione e/o designazione sequenziale
Date della pubblicazione e/o designazione sequenziale n. 8, agosto
500 ## - Nota generale
Nota generale giovani, comunità, esperienze, chiesa-locale, pastorale-giovanile
650 ## - Accesso aggiunto di soggetto--termine topico
Termine topico o nome geografico come accesso pastorale-familiare
9 (RLIN) 56039
654 ## - Accesso aggiunto di soggetto--termini topici faccettati
Termine principale articolo
942 ## - Dati aggiuntivi (Koha)
Fonte della classificazione o dello schema di collocazione (segnatura) Dewey Decimal Classification
Tipo copia default (Koha) RIVISTA
Holdings
Ritirato (status) Perso (status) Fonte della classificazione o dello schema di collocazione (segnatura) Danneggiato (status) Non per il presito Biblioteca proprietaria Biblioteca in cui si trova Data d'acquisizione Totale prestiti Collocazione Data ultima operazione Prezzo in vigore dal Tipo copia default (Koha)
    Dewey Decimal Classification Buone Condizioni Not For Loan CISF - Milano CISF - Milano 19/01/2023   A10/R146 19/01/2023 19/01/2023 RIVISTA
    Dewey Decimal Classification Buone Condizioni Not For Loan CISF - Milano CISF - Milano 19/01/2023     19/01/2023 19/01/2023 RIVISTA
CREDITS: SOCIETA' SAN PAOLO Via A.Severo, 58 - ROMA (RM) & PERIODICI SAN PAOLO SRL Via Giotto, 36 MILANO & CISF Via Giotto, 36 MILANO & EDIZIONI SAN PAOLO SRL,  Piazza Soncino, 5 CINISELLO BALSAMO (MI) -- ITALY